| Tag |
First Indicator |
Second Indicator |
Subfields |
| LEADER |
00000cam a2200000 4500 |
| 001 |
in00000067836 |
| 005 |
20151008050822.0 |
| 008 |
800502s1961 is a 00000 eng d |
| 035 |
|
|
|a (OCoLC)06274328
|
| 035 |
|
|
|9 AAG3591AM
|
| 040 |
|
|
|a TXA
|c TXA
|d UtOrBLW
|
| 049 |
|
|
|a TXAM
|c [346068]
|
| 090 |
|
|
|a HC497.P2
|b G7
|
| 092 |
|
|
|a 330.95694
|b G888c
|
| 100 |
1 |
|
|a Grunbaum, Ludwig.
|
| 245 |
1 |
0 |
|a Capital stock employment and output in Israel, 1950-1959.
|
| 264 |
|
1 |
|a Jerusalem :
|b Bank of Israel,
|c 1961.
|
| 300 |
|
|
|a 129 pages :
|b illustrations
|
| 336 |
|
|
|a text
|b txt
|2 rdacontent
|
| 337 |
|
|
|a unmediated
|b n
|2 rdamedia
|
| 338 |
|
|
|a volume
|b nc
|2 rdacarrier
|
| 490 |
0 |
|
|a Bank of Israel. Research Dept. Special studies, 1
|
| 650 |
|
0 |
|a Gross national product
|z Israel.
|
| 650 |
|
0 |
|a Capital
|z Israel.
|
| 651 |
|
0 |
|a Israel
|x Economic conditions.
|
| 999 |
|
|
|a MARS
|
| 999 |
f |
f |
|s 0eef19ca-61c8-3835-b423-133945f98634
|i c95d3107-5304-384e-bb88-c85deffb00d0
|t 0
|
| 952 |
f |
f |
|p ric
|a Texas A&M University
|b Rellis Campus
|c Joint Library Facility
|d Remote Storage
|t 0
|e HC497.P2 G7
|h Library of Congress classification
|i unmediated -- volume
|m A14800704651
|
| 998 |
f |
f |
|a HC497.P2 G7
|t 0
|l Remote Storage
|